10 największych miast Francji - Statystyki

Ogólne statystyki
  • Ten quiz został rozwiązany 275 razy
  • Średni wynik to 7 z 10
Statystyki odpowiedzi
# Populacja Miasto % Poprawnych
1. 2 102 650 Paryż
100%
2. 868 277 Marsylia
96%
3. 522 228 Lyon
95%
9. 260 352 Bordeaux
76%
5. 340 017 Nicea
73%
8. 290 576 Strasburg
67%
10. 235 189 Lille
66%
4. 509 200 Tuluza
64%
6. 319 284 Nantes
61%
7. 299 096 Montpellier
45%
Nie znaleziono quizów pasujących do podanych kryteriów
Rozkład punktacji
Procent ludzi z każdym wynikiem
Percentyl według liczby udzielonych odpowiedzi
Twoja historia wyników
Nie rozwiązałeś tego quizu